MDQL
is popping MORE tags! Check the
thread
!
Quizzes
Events
Quiz Creation
Community
Videos
Private Events
Remove Ads
Sign In
Join for FREE
Feedback
Dark Mode
Quiz Categories
Sports
Geography
Music
Movies
Television
Just For Fun
Miscellaneous
History
Literature
Language
Science
Gaming
Entertainment
Religion
Holiday
For Kids
Quiz Lab
Recent
Popular Today
Quiz Kudos Today
Editor Picks
Curator Picks
Quizzes by...
Day
Popularity
Type
Ratings
Length
Year
Community
Subscriptions
Recent Discussions
Orange Saloon
Badges
Playlists
Quests
Create
Leaderboards
Showdown
Live 5
Trivia Bingo
Activity
Puzzle Library
Sporcle Events
Private Events
Virtual Trivia
Globe League
Become a Host
Pub Owners
SporcleCon
Opinionation
Our Games
Videos
Blog
Mobile Apps
Partnerships
Remove Ads and Go Orange
Feedback
Sports
Athletes
MLB
NBA
NHL
NFL
Soccer
Sports Teams
WWE
NCAA
Football
Premier League
Basketball
Baseball
Hockey
Golf
Tennis
Cricket
Rugby
Auto Racing
Olympics
World Cup
Sports
Athletes
MLB
NBA
NHL
NFL
Soccer
Sports Teams
WWE
NCAA
Football
Premier League
Basketball
Baseball
Hockey
Golf
Tennis
Cricket
Rugby
Auto Racing
Olympics
World Cup
Random Quiz
Search Sporcle
×
Quiz Lab
Quiz Lab
Sports
carlo
Type in answers that appear in a list
Type in answers that appear in a list
Classic
Best Score? Go Orange.
Carlos Pena Home Runs Stats
Can you name the Carlos Pena Home Runs?
By
BrainBuster
8m
33 Questions
35 Plays
35 Plays
35 Plays
Comments
Comments
Give Quiz Kudos
Give Quiz Kudos
-
- Ratings
hide this ad
Replay
Link that replays current quiz
Next Quiz
Link to next quiz in quiz playlist
You Got
0%
They Got
Avg Score
58%
Avg Friend Score
Upgrade to see
Score Distribution
Jump to the score distribution portion of the page
Score
0/33
Timer
08:00
0
Plays Today
Team/Pitcher/Stadium
Team/Pitcher/Stadium
% Correct
Team
New York Yankees
100%
Team
Baltimore Orioles
97.1%
Team
Boston Red Sox
94.3%
Team
Toronto Blue Jays
94.3%
Team
Cleveland Indians
91.4%
Team
Chicago White Sox
91.4%
Team
Los Angeles Angels and Anaheim Angels
88.6%
Team
Minnesota Twins
88.6%
Team
Texas Rangers
88.6%
Stadium
Rangers Ballpark
88.6%
Stadium
Tropicana Field
85.7%
Stadium
Fenway Park
85.7%
Stadium
Angel Stadium
85.7%
Team
Kansas City Royals
82.9%
Team
Oakland Athletics
77.1%
Stadium
Camden Yards
65.7%
Stadium
Rogers Centre
62.9%
Team/Pitcher/Stadium
Team/Pitcher/Stadium
% Correct
Pitcher
Jon Lester
51.4%
Stadium
Progressive Field
51.4%
Stadium
Comerica Park
48.6%
Stadium
US Cellular Field
48.6%
Pitcher
Andy Pettitte
42.9%
Stadium
Wrigley Field
40%
Pitcher
John Lackey
37.1%
Pitcher
Johan Santana
31.4%
Pitcher
Jake Westbrook
28.6%
Pitcher
Gil Meche
20%
Pitcher
Dan Haren
14.3%
Pitcher
Daniel Cabrera
14.3%
Pitcher
Brett Cecil
11.4%
Pitcher
Jarrod Washburn
11.4%
Pitcher
Dustin McGowan
5.7%
Pitcher
Danys Baez
2.9%
Quiz Playlist
Details
Report
Send in Message
Add To Playlist
Classic:
Type in answers that appear in a list
Last Updated: Feb 16, 2017
Quiz Scoreboard
CHALLENGE
Sign Up to Join the Scoreboard
Show All
Scores
Hide
Comments
May contain spoilers
Recently Published
Colored Red Africa Blitz
by spor1
Geography
30s
Find the 'City' Movie
by crazypaving
Movies
60s
5x2 Blitz: Bands
by SL_Kpop136
Music
30s
More to Explore
Quiz From the Vault
Featured Blog Post
14 Easter Pick-up Lines to Find Eggs With
hide this ad
You Might Also Like...
Tags
carlo
home
Home Runs
Pitchers
run
Stadiums
team
Today's Top Quizzes in Sports
Browse Sports
hide this ad
Top Contributed Quizzes in Sports
1
Les entraîneurs de l'OM et du PSG au 21e siècle
2
Les meilleurs buteurs des matchs entre le PSG et l’OM
3
Players with Multiple 50 Home Run Seasons
4
2022 World Cup Stars
5
Les joueurs passés par le PSG et l'OM
6
NBA Logic Puzzle 2.0
7
Criteria MLB: Left Handed Sluggers
8
MLB Players with Two .350 Batting Average Seasons
9
Top 10 NHL Goal Scorers of All Time
10
Who Hit More Homers?
Explore More
Trending Topics
Kpop
Disney
Marvel
NBA
Anime
Crossword
Harry Potter
Soccer
The Office
NFL
Country
Song
Pokémon
Puzzle
WWE
hide this ad
More By:
BrainBuster
Quiz
Plays
Rating
Category
Featured
Created
MLB Batting Leaders (2011)
50,542
4.43
Sports
Sep 29, 2011
2007 NBA All-Star Rosters
5,903
3.93
Sports
Jul 18, 2011
MLB All-Century Team
3,048
2.04
Sports
Aug 1, 2011
Most Popular NBA Last Names
1,243
3.33
Sports
Jul 4, 2011
Fuse: Top 100 Number Ones (2000-2011)
1,093
4.50
Music
Sep 1, 2011
Go to Creator's Profile
Score Distribution
Quiz Creator Spotlight
BrainBuster
Follow
Send a Message
Quizzes Created
-
Created Quiz Play Count
-
More By This Creator
Popular Quizzes Today
1
Colored Red Africa Blitz
2
Find the 'City' Movie
3
5x2 Blitz: Bands
4
Find the US States - No Outlines Minefield
5
The Countries of the World
6
Find the US States
7
US States
8
Find the Countries of Europe - No Outlines Minefield
More Sports Quizzes
Historic Lineups - Portugal 1-0 Netherlands (2006)
Quiz Lab
Trending Quizzes
Colored Red Europe Blitz I
Colored Red Africa Blitz II
Colored Red Europe Blitz II
Colored Red Africa Blitz III
Colored Red Europe Blitz III
Recently Updated
How Do You Spell That?
pecheneg
Godzilla Movies
pecheneg
Grab Bag: 4-10 Letters
pecheneg
2024 March Madness Bracket
pecheneg
Famous TV Couples
Peacemaker
Champions League XIs: Real Madrid
pecheneg
Largest US Cities 1790-2010
pecheneg
Rides in Walt Disney World
pecheneg
Most Oscar Losses (Acting)
pecheneg
Beyoncé Albums
pecheneg
Trending Topics
Marvel
NBA
Kpop
Anime
Disney
Harry Potter
Crossword
Country
Pokémon
Soccer
Song
Puzzle
NFL
The Office
WWE
Your Account Isn't Verified!
In order to create a playlist on Sporcle, you need to verify the email address you used during registration. Go to your
Sporcle Settings
to finish the process.
Report this User
Report this user for behavior that violates our
Community Guidelines
.
Details:
Send Report
Go to the Sporcle.com Mobile Site →
Comments